00565nam a2200193 a 4500001001300000003000900013005001700022008004100039020002300080082002000103100002100123245007300144260005100217300000900268500003500277505002000312650001800332700002100350nice12345678IN_TiNIC20260116013130.0050524s1996 pena grp 000 0 eng  a0812269 c45000a305.420964bKAP aKapchan, Deborah aGender on the Marketb Moroccan Women and the Revoicing of Tradition aPennsylvaniabUniversity of Pennsylvaniac1996 a325p aincludes index and biblioraphy2 aAppendix, Index aWomen-Morocco1 aKapchan, Deborah